000 00753nam a2200217 i 4500
001 103888
003 ES-MaACL
005 20250827062618.0
007 t|
008 051121s1929 sp ||||1| spa d
110 1 _aEspaña
_93622
240 1 0 _aLeyes, etc.
245 1 0 _aSelección de las Leyes de Indias referentes a descubrimientos, colonización, pacificaciones etc.
260 _aMadrid :
_bSaéz Hermanos,
_c1929.
300 _a176 p., 1 lám. ;
_c25 cm.
490 1 _aPublicaciones del Ministerio de Trabajo y Previsión
650 1 4 _aDerecho colonial-
_zAmérica española
_911671
830 0 _aPublicaciones del Ministerio de Trabajo y Previsión
_9184823
852 _aES-MaACL
_jF-15347
_bR.18419
999 _c103888
_d103888